000 00542nam a2200169Ia 4500
003 GCL
008 140319s9999 xx 000 0 ara d
040 _aGCL /
_cGCL
082 0 4 _aم
_b603
_bم ق
100 1 _aمظهر بسيونى طايل
245 1 0 _aقاموس الالكترونيات الحديثة: انجليزى - عربى /
_cمظهر بسيونى طايل
260 _a[S.N] :
_bدار الراتب الجامعية
300 _a949 ص
650 0 4 _aالمعاجم
650 0 4 _aالالكترونيات
942 _2ddc
_cREF
999 _c59503
_d59503